00726nam a22002057a 450000500170000000800410001702000180005804000210007604100080009708200200010524500830012525000090020826000580021730000100027565001190028570000270040470000280043170000300045970000310048920240515074311.0240515b |||||||| |||| 00| 0 eng d a9789384900649 aIN-DiNCcIN-DiNC deng a301.095416bSOC aSocio cultural diversity in North East India/ced. by Nibedita Nath and others bV. 1 aGuwahati:bAssam College Teachers Association,c2023. a222p. aDifferent areas of art, culture, history, health, education, geography and economic conditions of North East India aNath, NibeditaeEditor aMedhi, ArabindaeEditor aChoudhury, RanjaneEditor aMaibangsa, MoromeeeEditor